000 00308nam a22001337a 4500
008 170511b xxu||||| |||| 00| 0 eng d
020 _a9780132447508
041 _aeng
080 _210TH
_a343.9
100 _a15
101 _aSHJ
245 _aESSENTIALS OF CRIMINAL LAW
_cCHAMELIN, N.C
942 _2udc
_cBK
999 _c13191
_d13191